000 00262nam a2200097Ia 4500
001 679786
005 20250826161329.0
008 250824s9999 xx 000 0 und d
245 0 _aBABAANNEMİN İÇİNE UZAYLI KAÇTI
_cSEVGİ SAYGI
260 _bGÜNIŞIĞI YAYINLARI
999 _c679786
_d679786